=LDR 00000nam 2200000 4500 =001 INLIS000000000005264 =005 20130612093519 =008 ***********************************Ind** =035 ##$$0010-061300000005264 =041 ##$$a Ind =082 ##$$a 633 =090 ##$$a 633, Sug b =100 ##$$a SUGENG =245 ##$$a Bercocok tanam Palawija, Sugeng =260 ##$$a 2001 $b Semarang =300 ##$$a iii, 54 hlm, 18 cm =650 ##$$a Palawija =850 ##$$a NBPNMAT